| 000 | 00427cam a2200145 a 4500 | ||
|---|---|---|---|
| 020 | _a0070333084 (acidfree) | ||
| 040 | _cDLC | ||
| 082 | 0 | 0 | _a574 MCG 1996 A029 Or. |
| 100 | 1 | _aKalthoff, Klaus | |
| 245 | 1 | 0 | _aAnalysis of biological development / |
| 260 |
_aNew York : _bMcGraw-Hill, _cc1996 |
||
| 300 |
_a1 v. (various pagings), [8] p. of plates : _bill. (some col.) ; _c29 cm |
||
| 650 | 0 | _aDevelopmental biology | |
| 942 | _cEK | ||
| 999 |
_c11649 _d11649 |
||